| 000 | 01199cam a22003374a 4500 | ||
|---|---|---|---|
| 001 | 12908 | ||
| 003 | BD-RjUL | ||
| 005 | 20211208235356.0 | ||
| 008 | 140129r2007 ne a b 001 0 eng | ||
| 020 | _a0240808304 (alk. paper) | ||
| 020 | _a9780240808307 | ||
| 035 | _a(BD-RjUL)12958 | ||
| 035 | _a(OCoLC)69734389 | ||
| 040 |
_aDLC _cDLC _dBAKER _dC#P _dYDXCP _dDLC _dBD-RjUL _beng |
||
| 041 | _aeng | ||
| 082 | 0 | 0 |
_a621.3893 _222 _bDAS 2007 |
| 100 | 1 |
_aDavis, Don, _d1928- _940230 |
|
| 245 | 1 | 0 |
_aSound system engineering / _cDon Davis and Eugene Patronis, Jr. |
| 250 | _a3rd ed. | ||
| 260 |
_aAmsterdam ; _aBoston : _bElsevier Focal Press, _cc2006 [Reprinted 2007]. |
||
| 300 |
_axiii, 489 p. : _bill. ; _c26 cm. |
||
| 504 | _aIncludes bibliographical references and index. | ||
| 650 | 0 |
_aSound _xRecording and reproducing. _919599 |
|
| 650 | 0 |
_aElectro-acoustics. _938985 |
|
| 700 | 1 |
_aPatronis, Eugene, _cJr. _940231 |
|
| 856 | 4 | 1 |
_3Table of contents only _uhttp://www.loc.gov/catdir/toc/ecip0614/2006015870.html |
| 856 | 4 | 2 |
_3Publisher description _uhttp://www.loc.gov/catdir/enhancements/fy0646/2006015870-d.html |
| 942 |
_2ddc _cBK |
||
| 999 |
_c12908 _d12908 |
||